000 00217nam a2200097Ia 4500
008 240331s9999 xx 000 0 und d
082 _bPER
100 _aTamil university. ed
245 0 _aperinjchol aharathi
942 _cL
999 _c5490
_d5490